[Globální finanční trhy]

Recenzia na publikáciu, ktorá je veľmi aktuálnym príspevkom k riešeniu problematiky dnešných finančných trhov.

Na minha lista:
Detalhes bibliográficos
Autor principal: Pilch, Ctibor, 1957-
Formato: Capítulo de Livro
Idioma:eslovaco
Assuntos:
Tags: Adicionar Tag
Sem tags, seja o primeiro a adicionar uma tag!

MARC

LEADER 00000nla a2200000 4500
001 0198656
005 20240502073346.4
041 0 |a slo 
044 |a SK 
245 1 0 |a [Globální finanční trhy]  |c Ctibor Pilch 
520 |a Recenzia na publikáciu, ktorá je veľmi aktuálnym príspevkom k riešeniu problematiky dnešných finančných trhov. 
610 2 0 |a recenzie 
610 2 0 |a trh finančný 
610 2 0 |a volatilita 
610 2 0 |a infraštruktúra 
100 1 |a Pilch, Ctibor, 1957-